Statistics for Missing Letter Countries

Click here to take the quiz!

General Stats

  • This quiz has been taken 2,389 times
    (2,377 since last reset)
  • The average score is 19 of 27

Answer Stats

ClueCountry% Correct
N_p_lNepal
95%
M_x_c_Mexico
95%
A_s_r_l_aAustralia
94%
D_n_a_kDenmark
94%
L_x_m_o_r_Luxembourg
91%
A_d_r_aAndorra
90%
F_a_c_France
88%
S_r_n_m_Suriname
87%
_e_uPeru
86%
N_w _e_l_n_New Zealand
85%
I_e_a_dIreland
79%
K_n_aKenya
76%
A_g_r_aAlgeria
74%
I_a_yItaly
70%
_a_a_aCanada
68%
_u_s_aRussia
64%
B_a_i_Brazil
63%
_o_o_oKosovo
59%
T_n_a_i_Tanzania
59%
I_r_e_Israel
58%
S_a_nSpain
58%
_h_n_China
56%
_u_aCuba
55%
_o_t_ A_r_c_South Africa
47%
_n_i_India
46%
_a_a_Japan
40%
_e_e_u_l_Venezuela
36%

Score Distribution

Percentile by Number Answered

Percent of People with Each Score

Your Score History

You have not taken this quiz since the last reset